Acta psychologica (Record no. 113375)

MARC details
000 -LEADER
fixed length control field 01736cas a22003855a 4500
001 - CONTROL NUMBER
control field vtls003131938
003 - CONTROL NUMBER IDENTIFIER
control field MY-SjTCS
005 - DATE AND TIME OF LATEST TRANSACTION
control field 20200207085156.0
006 - FIXED-LENGTH DATA ELEMENTS--ADDITIONAL MATERIAL CHARACTERISTICS
fixed length control field m d ||||||
007 - PHYSICAL DESCRIPTION FIXED FIELD--GENERAL INFORMATION
fixed length control field cr anunnnuuuaa
008 - FIXED-LENGTH DATA ELEMENTS--GENERAL INFORMATION
fixed length control field 750715c19359999ne brzp 0 a0eng
022 ## - INTERNATIONAL STANDARD SERIAL NUMBER
International Standard Serial Number 0001-6918
035 ## - SYSTEM CONTROL NUMBER
System control number (EbpS)ebs517186
039 #9 - LEVEL OF BIBLIOGRAPHIC CONTROL AND CODING DETAIL [OBSOLETE]
Level of rules in bibliographic description 201208131559
Level of effort used to assign nonsubject heading access points fadzli0512
Level of effort used to assign subject headings 201204271605
Level of effort used to assign classification hanani
-- 200812260838
-- VLOAD
050 00 - LIBRARY OF CONGRESS CALL NUMBER
Classification number BF1
Item number .A12
060 00 - NATIONAL LIBRARY OF MEDICINE CALL NUMBER
Classification number W1
Item number AC933
245 00 - TITLE STATEMENT
Title Acta psychologica
Medium [electronic resource].
260 ## - PUBLICATION, DISTRIBUTION, ETC.
Place of publication, distribution, etc. The Hague :
Name of publisher, distributor, etc. Martinus Nijhoff,
Date of publication, distribution, etc. 1935-
310 ## - CURRENT PUBLICATION FREQUENCY
Current publication frequency Bimonthly,
Date of current publication frequency <1994- >
362 0# - DATES OF PUBLICATION AND/OR SEQUENTIAL DESIGNATION
Dates of publication and/or sequential designation Vol. 1, no. 1-
500 ## - GENERAL NOTE
General note Title from cover.
500 ## - GENERAL NOTE
General note Published: Amsterdam : North-Holland, <1979- >; Elsevier Science, <2003- >
500 ## - GENERAL NOTE
General note Academic Journal
515 ## - NUMBERING PECULIARITIES NOTE
Numbering peculiarities note Suspended, 1942-1948.
520 ## - SUMMARY, ETC.
Summary, etc. "International journal of psychonomics."
529 ## -
-- TSLHHL
530 ## - ADDITIONAL PHYSICAL FORM AVAILABLE NOTE
Additional physical form available note Indexing and abstracting for print publication.
546 ## - LANGUAGE NOTE
Language note English, French, and German.
580 ## - LINKING ENTRY COMPLEXITY NOTE
Linking entry complexity note Vol. 1, no. 1 consists of "Papers read to the X. International Congress of Psychology, at Copenhagen, 1932"; v. 11, 15, 19, 23, Proceedings of the 14th-17th International Congress of Psychology.
650 #0 - SUBJECT ADDED ENTRY--TOPICAL TERM
Topical term or geographic name entry element Psychology
Form subdivision Periodicals.
650 #2 - SUBJECT ADDED ENTRY--TOPICAL TERM
Topical term or geographic name entry element Psychology
Form subdivision Periodicals.
711 2# - ADDED ENTRY--MEETING NAME
Meeting name or jurisdiction name as entry element International Congress of Psychology.
Title of a work Proceedings and papers.
773 0# - HOST ITEM ENTRY
Title Academic Source Complete
Place, publisher, and date of publication Ipswich, MA : EBSCO Publishing, 1999-
856 40 - ELECTRONIC LOCATION AND ACCESS
Materials specified Abstracts Available: Mar 2002-
Public note Available on EBSCOhost.
Uniform Resource Identifier https://ezproxy.taylors.edu.my/login?url=https://search.ebscohost.com/direct.asp?db=a9h&jid=3GV
Holdings
Withdrawn status Lost status Damaged status Not for loan Home library Current library Date acquired Total Checkouts Date last seen Price effective from Koha item type
      e-journal Taylor's Library-TU Taylor's Library-TU 10/12/2025   10/12/2025 10/12/2025 Journals